00370pab a2200133 454500008004000000100002300040245007300063260000900136300001500145362001200160650001400172700001700186773003300203180718b2013 xxu||||| |||| 00| 0 eng d aAldrich, Daniel P. aTaking the high ground: FEMA trailer sitting after Hurricane Katrina c2013 ap.613-624. aJul-Aug aDisasters aCrook, Kevin aPublic Administration Review